|
|
|
|
| LEADER |
00000cas a2200000 a 4500 |
| 001 |
vtls008871948 |
| 003 |
SK-MaSNL |
| 005 |
20260425194215.0 |
| 008 |
171130d199u199uxo ar| 0 a0eng |
| 020 |
|
|
|a 8085511053 (brož. : r. [1996])
|
| 040 |
|
|
|a SNK
|b slo
|c SNK
|e AACR2
|
| 041 |
0 |
|
|a eng
|
| 043 |
|
|
|a e-xo---
|
| 044 |
|
|
|a xo
|c SK
|
| 080 |
|
|
|a 050
|2 2011
|
| 080 |
|
|
|a (437.6)
|2 2011
|
| 080 |
|
|
|a (036)
|2 2011
|
| 080 |
|
|
|a (058)
|2 2011
|
| 245 |
0 |
0 |
|a Slovakia- for- the- world
|
| 260 |
|
|
|a [Bratislava
|b PEAS publishing]
|
| 300 |
|
|
|a zv.
|b fotogr., grafy, mp.
|c 31 cm
|
| 310 |
|
|
|a 1x ročne
|
| 500 |
|
|
|a Popis podľa: II. ed. (1996)
|
| 500 |
|
|
|a Názov z obalu ; názov uvedený v tvare: Slovakia ... for .. the ... world
|
| 500 |
|
|
|a Editori: 1996, Igor Šimeg a Ingrid Smolinská
|
| 500 |
|
|
|a Vydavateľ podľa Národnej agentúry ISBN
|
| 651 |
|
7 |
|a Slovensko
|2 SNKPH
|9 14231
|
| 651 |
|
7 |
|a Slovakia
|2 SNKPHeng
|9 92630
|
| 655 |
|
7 |
|a informačné publikácie
|2 SNKPH
|9 70181
|
| 655 |
|
7 |
|a Information publications
|2 SNKPHeng
|9 265188
|
| 655 |
|
7 |
|a ročenky
|2 SNKPH
|9 57146
|
| 655 |
|
7 |
|a Yearbooks
|2 SNKPHeng
|9 120938
|
| 700 |
1 |
|
|a Šimeg, Igor,
|d 1957-
|4 edt
|9 194784
|
| 700 |
1 |
|
|a Smolinská, Ingrid
|4 edt
|9 270515
|
| 910 |
|
|
|a snk
|
| 919 |
|
|
|a 80-85511-05-3
|
| 999 |
|
|
|c 7026
|d 8956
|
| 952 |
|
|
|a SNK
|b SNK
|y PREZ
|7 0
|p 17A0431830
|o snkČSB 5363/[1996]
|i snkDK 4/2004
|8 3
|0 0
|1 0
|4 0
|d 2006-10-31
|l 0
|r 2026-02-21 20:05:16
|w 2026-02-21
|